000 01516nam2a2200265 4500
001 RU\NLR\BIBL_A\010015606
005 20250613195929.0
021 _aRU
_b2013-89168
_96164
035 _a(NLR Aleph) 010015606
090 _a9875345
_c9875345
100 _a20131218d2012 |||y0rusy50 ca
101 0 _arus
_aeng
102 _aRU
105 _aa ||j|||001yy
200 0 _aЧ. 2
_fС. Г. Нестерцова, Л. М. Ковтунович
210 _d2012
_aБ. м.
215 _a69, [1] с.
_cил.
320 _aБиблиогр. в конце кн. (16 назв.)
461 0 _1001RU\NLR\bibl\2060092
_12000#$aДеловой английский язык$eучебное пособие$fС.Г. Нестерцова, Н.Н. Кузьмина$gМ-во образвания и науки Рос. Федерации, Юж.-Урал. гос. ун-т, Каф. междунар. коммуникаций$vЧ. 2
_1700#1$aНестерцова$bС. Г.$gСветлана Григорьевна$4070
_94622683
_aНестерцова, С. Г.
_cЧелябинск
_d2011
_fС.Г. Нестерцова, Н.Н. Кузьмина
_nИздательский центр ЮУрГУ
_oучебное пособие
_tДеловой английский язык
_vЧ. 2
701 1 _aНестерцова
_bС. Г.
_gСветлана Григорьевна
701 1 _aКовтунович
_bЛ. М.
_gЛилия Михайловна
942 _cBOOK
980 _aNB